• 首页
  • 本馆介绍
  • 公告通知
  • 最新文献
  • 馆藏检索
  • 电子资源
  • 读者导购
  • 参考咨询
  • 我的图书馆
  • 登录
  • 详细信息显示
  • 放入我的书架
  • 预约/预借图书
  • 作者相关作品
  • 分类相关作品
  • 丛书相关作品
  • 出版社相关作品

书目信息

  • 表格格式
  • 工作单格式
  • 卡片格式
题名:
呼吸康复学
    
 
作者: 唐纳 , 安布罗西诺 , 戈尔茨坦 原著 ;席家宁 , 姜宏英 主译
分册:  
出版信息: 北京   中国科学技术出版社  2021.07
页数: 407页
开本: 29cm
丛书名: 康复医学热点
单 册:
中图分类: R560.9
科图分类:
主题词: 呼吸系统疾病--hu xi xi tong ji bing--康复
电子资源:
ISBN: 978-7-5046-9006-7
000 01763nam 2200349 450
001 CAL 0120217205593
005 20230217093112.0
010    @a978-7-5046-9006-7@b精装@dCNY298.00
100    @a20210714d2021 em y0chiy0120 ea
101 1  @achi@ceng@cita
102    @aCN@b110000
105    @aa z 000yy
106    @ar
200 1  @a呼吸康复学@Ahu xi kang fu xue@d= Pulmonary rehabilitation@f原著 (意) Claudio F. Donner, Nicolino Ambrosino, (加) Roger S. Goldstein@g主译席家宁, 姜宏英@zeng
210    @a北京@c中国科学技术出版社@d2021.07
215    @a407页@c彩图@d29cm
225 2  @a康复医学热点@Akang fu yi xue re dian
305    @a据原书第2版译出
306    @a由Taylor & Francis出版集团旗下, CRC出版公司出版, 并经其授权翻译出版
314    @aDonner规范汉译姓: 唐纳 Ambrosino规范汉译姓: 安布罗西诺 Goldstein规范汉译姓: 戈尔茨坦
330    @a本书则把肺康复放在更广泛的呼吸疾病框架内, 贡献全球各地不同康复方法的实践研究。其涵盖了公共卫生学科发展、全球质量控制指南、急性公卫事件和个性化康复、创新的运动康复方法、肺间质疾病和肺移植的康复难题, 以及音乐、跳舞和瑜伽在肺康复中的最新研究应用六个部分。尤其是在全球经历了“非典”、埃博拉、新冠肺炎等疫情的情况下, 本书的呼吸功能康复指导, 对康复医师、呼吸重症医师、呼吸内科医师都十分急需和迫切。
410  0 @12001 @a康复医学热点
510 1  @aPulmonary rehabilitation@zeng
606 0  @a呼吸系统疾病@Ahu xi xi tong ji bing@x康复
690    @aR560.9@v5
701  1 @a唐纳@Atang na@g(Donner, Claudio F.)@4原著
701  1 @a安布罗西诺@Aan bu luo xi nuo@g(Ambrosino, Nicolino)@4原著
701  1 @a戈尔茨坦@Age er ci tan@g(Goldstein, Roger S.)@4原著
702  0 @a席家宁@Axi jia ning@4主译
702  0 @a姜宏英@Ajiang hong ying@4主译
801  0 @aCN@bBJXHZP@c20230228
905    @b1408231-2@dR560.9@e160@f2
    
    呼吸康复学= Pulmonary rehabilitation/原著 (意) Claudio F. Donner, Nicolino Ambrosino, (加) Roger S. Goldstein/主译席家宁, 姜宏英.-北京:中国科学技术出版社,2021.07
    407页:彩图;29cm.-(康复医学热点)
    
    
    ISBN 978-7-5046-9006-7(精装):CNY298.00
    本书则把肺康复放在更广泛的呼吸疾病框架内, 贡献全球各地不同康复方法的实践研究。其涵盖了公共卫生学科发展、全球质量控制指南、急性公卫事件和个性化康复、创新的运动康复方法、肺间质疾病和肺移植的康复难题, 以及音乐、跳舞和瑜伽在肺康复中的最新研究应用六个部分。尤其是在全球经历了“非典”、埃博拉、新冠肺炎等疫情的情况下, 本书的呼吸功能康复指导, 对康复医师、呼吸重症医师、呼吸内科医师都十分急需和迫切。
●
相关链接 在E读中查询图书 在五车中查询图书 在当当中查询图书 在豆瓣中查询图书


正题名:呼吸康复学     索取号:R560.9/160         预约/预借

序号 登录号 条形码 馆藏地/架位号 状态 备注
1 1385758   213857584   第二样本阅览室/ [索取号:R560.9/160] 在馆    
2 1385759   213857593   第三借阅区/ [索取号:R560.9/160] 在馆    
3 1408231   214082311   第三借阅区/ [索取号:R560.9/160] 在馆    
4 1408232   214082320   第三借阅区/ [索取号:R560.9/160] 在馆    
唐山师范学院图书馆 欢迎您!
大连网信软件有限公司© 版权所有